Mit Briefenwerben 150 Musterbriefe für Geschäft und Beruf

Enregistré dans:
Détails bibliographiques
Auteur principal: Esser, Bernhard
Format: Livre
Langue:allemand
Publié: München Heyne 1990
Édition:1. Aufl.
Tags: Ajouter un tag
Pas de tags, Soyez le premier à ajouter un tag!

MARC

LEADER 00000nam a2200000 4500
001 c024641
005 20221215124710.8
041 0 |a ger 
044 |a DE 
245 1 0 |a Mit Briefenwerben  |b 150 Musterbriefe für Geschäft und Beruf  |c Bernhard Esser 
250 |a 1. Aufl. 
264 1 |a München  |b Heyne  |c 1990 
300 |a 252 s. 
100 1 |a Esser, Bernhard